ACM Computing Reviews

Enregistré dans:
Détails bibliographiques
Format: Publication en série
Publié: 1976
Tags: Ajouter un tag
Pas de tags, Soyez le premier à ajouter un tag!

MARC

LEADER 00000nas a22000003a 4500
001 stu63971
005 20141122003653.8
008 011106s1976----------------------------d
040 |a STU  |b slo 
041 0
245 |a ACM Computing Reviews 
260 |c 1976 
500 |a 1-12 
500 |a 12 
773 0 |t ACM Computing Reviews :  |w stu_us_cat*stu59590  |x 0010-4884  |7 nnas 
996 |d Vol. 17, 1976  |v Vol. 17  |y 1976  |l II680  |s A  |a 24  |w stu63971_0001